<?xml version="1.0" encoding="UTF-8"?>
<record
    xmlns:xsi="http://www.w3.org/2001/XMLSchema-instance"
    xsi:schemaLocation="http://www.loc.gov/MARC21/slim http://www.loc.gov/standards/marcxml/schema/MARC21slim.xsd"
    xmlns="http://www.loc.gov/MARC21/slim">

  <leader>01930nam a22003737a 4500</leader>
  <controlfield tag="003">CHAP</controlfield>
  <controlfield tag="005">20240521130437.0</controlfield>
  <controlfield tag="007">ta</controlfield>
  <controlfield tag="008">221128s2022    mx adbofs||||a001 0 spa d</controlfield>
  <datafield tag="040" ind1=" " ind2=" ">
    <subfield code="a">mxchpua</subfield>
  </datafield>
  <datafield tag="090" ind1=" " ind2=" ">
    <subfield code="a">T.C.883</subfield>
    <subfield code="b">E86 SAI</subfield>
    <subfield code="c">2022</subfield>
  </datafield>
  <datafield tag="245" ind1="1" ind2="0">
    <subfield code="a">An&#xE1;lisis sist&#xE9;mico de la cadena agroindustrial vinos en Baja California / </subfield>
    <subfield code="c">coordinadores Anastacio Espejel Garc&#xED;a y  Evelio Aguilar Gudino ; colaboradores  Luc&#xED;a del Carmen Aguilar L&#xF3;pez...[y otros]</subfield>
  </datafield>
  <datafield tag="260" ind1=" " ind2=" ">
    <subfield code="a">Chapingo, M&#xE9;xico : </subfield>
    <subfield code="b">El autor,</subfield>
    <subfield code="c">2022</subfield>
  </datafield>
  <datafield tag="300" ind1=" " ind2=" ">
    <subfield code="a">1 recurso en l&#xED;nea (137 hojas) : </subfield>
    <subfield code="b">ilustraciones, mapas, gr&#xE1;ficas, diagramas, tablas, fotos</subfield>
  </datafield>
  <datafield tag="336" ind1=" " ind2=" ">
    <subfield code="2">rdacontent</subfield>
    <subfield code="a">texto</subfield>
    <subfield code="b">txt</subfield>
  </datafield>
  <datafield tag="337" ind1=" " ind2=" ">
    <subfield code="2">rdamedia</subfield>
    <subfield code="a">computadora</subfield>
    <subfield code="b">c</subfield>
  </datafield>
  <datafield tag="338" ind1=" " ind2=" ">
    <subfield code="2">rdacarrier</subfield>
    <subfield code="a">recurso en l&#xED;nea</subfield>
    <subfield code="b">cr</subfield>
  </datafield>
  <datafield tag="500" ind1=" " ind2=" ">
    <subfield code="a">Grado : 6&#xB0;  Grupo : 4</subfield>
  </datafield>
  <datafield tag="502" ind1=" " ind2=" ">
    <subfield code="a">Viaje de Estudios</subfield>
    <subfield code="b">(SAI) --</subfield>
    <subfield code="c">UACh. Departamento de Ingenier&#xED;a Agroindustrial,</subfield>
    <subfield code="d">2022</subfield>
  </datafield>
  <datafield tag="504" ind1=" " ind2=" ">
    <subfield code="a">Bibliograf&#xED;a: 136 p&#xE1;ginas</subfield>
  </datafield>
  <datafield tag="505" ind1="0" ind2=" ">
    <subfield code="a">Visitas : --</subfield>
    <subfield code="t">1.  COLEF --
2. VIN&#xCD;COLA SOLAR FORT&#xDA;N --
3. VI&#xD1;EDOS ALDO CESAR PALAFOX --
4. HILO NEGRO VI&#xD1;EDOS Y BODEGAS --
5. CONSEJO MEXICANO VITIVIN&#xCD;COLA --
6. HACIENDA GUADALUPE --
7. EL CIELO WINERY &amp; RESORT --
8. VIN&#xCD;COLA REGIONAL DE ENSENADA (VIRESA)</subfield>
  </datafield>
  <datafield tag="650" ind1="1" ind2="3">
    <subfield code="9">119879</subfield>
    <subfield code="a">Vinos</subfield>
  </datafield>
  <datafield tag="650" ind1="1" ind2="3">
    <subfield code="9">151244</subfield>
    <subfield code="a">Vinificaci&#xF3;n  </subfield>
  </datafield>
  <datafield tag="650" ind1="1" ind2="3">
    <subfield code="9">151418</subfield>
    <subfield code="a">Industria del vino  </subfield>
    <subfield code="z">M&#xE9;xico</subfield>
    <subfield code="z">Baja California </subfield>
  </datafield>
  <datafield tag="650" ind1="1" ind2="3">
    <subfield code="9">146806</subfield>
    <subfield code="a">Bebidas alcoh&#xF3;licas</subfield>
    <subfield code="z">M&#xE9;xico</subfield>
    <subfield code="z">Baja California</subfield>
  </datafield>
  <datafield tag="650" ind1="1" ind2="3">
    <subfield code="9">148017</subfield>
    <subfield code="a">Wines  </subfield>
  </datafield>
  <datafield tag="650" ind1="1" ind2="3">
    <subfield code="9">151246</subfield>
    <subfield code="a">Winemaking  </subfield>
  </datafield>
  <datafield tag="650" ind1="1" ind2="3">
    <subfield code="9">151419</subfield>
    <subfield code="a">Wine industry  </subfield>
    <subfield code="z">Mexico</subfield>
    <subfield code="z">Baja California</subfield>
  </datafield>
  <datafield tag="650" ind1="1" ind2="3">
    <subfield code="9">160443</subfield>
    <subfield code="a">Alcoholic beverages</subfield>
    <subfield code="z">Mexico</subfield>
    <subfield code="z">Baja California</subfield>
  </datafield>
  <datafield tag="700" ind1="1" ind2=" ">
    <subfield code="9">147446</subfield>
    <subfield code="a">Espejel Garc&#xED;a, Anastacio</subfield>
    <subfield code="e">coordinador </subfield>
  </datafield>
  <datafield tag="700" ind1="1" ind2=" ">
    <subfield code="9">149929</subfield>
    <subfield code="a">Aguilar Gudino, Evelio</subfield>
    <subfield code="e">coordinador </subfield>
  </datafield>
  <datafield tag="700" ind1="1" ind2=" ">
    <subfield code="9">185597</subfield>
    <subfield code="a">Aguilar L&#xF3;pez, Luc&#xED;a del Carmen</subfield>
    <subfield code="e">colaboradora </subfield>
  </datafield>
  <datafield tag="856" ind1="4" ind2="0">
    <subfield code="u">http://10.13.5.2/ve/T_C_883_SAI/T_C_883_SAI_2022-REPORTE_pdf</subfield>
    <subfield code="y">DESCARGAR REPORTE</subfield>
  </datafield>
  <datafield tag="999" ind1=" " ind2=" ">
    <subfield code="c">217878</subfield>
    <subfield code="d">217878</subfield>
  </datafield>
  <datafield tag="952" ind1=" " ind2=" ">
    <subfield code="0">0</subfield>
    <subfield code="1">0</subfield>
    <subfield code="2">local</subfield>
    <subfield code="4">0</subfield>
    <subfield code="7">0</subfield>
    <subfield code="8">VEE</subfield>
    <subfield code="a">IA_</subfield>
    <subfield code="b">IA_</subfield>
    <subfield code="c">E_L</subfield>
    <subfield code="d">2022-11-28</subfield>
    <subfield code="e">El autor</subfield>
    <subfield code="l">0</subfield>
    <subfield code="o">T.C.883 E86 SAI 2022</subfield>
    <subfield code="p">1206015736</subfield>
    <subfield code="r">2022-11-28 00:00:00</subfield>
    <subfield code="y">VEE</subfield>
  </datafield>
</record>
